| 000 | 01637nab a22002537a 4500 | ||
|---|---|---|---|
| 999 |
_c5484 _d5484 |
||
| 003 | OSt | ||
| 005 | 20251204100757.0 | ||
| 008 | 190502c xxu||||| |||| 00| 0 spa d | ||
| 040 | _cPJ | ||
| 100 |
_aContreras Alderete, Lucas _96480 |
||
| 245 | 1 | 3 |
_aLa violencia contra la mujer. Revisión analítica con perspectiva de género, de diversidad y de derecho penal mínimo / _cLucas Contreras Alderete. |
| 260 |
_aCiudad Autónoma de Buenos Aires : _bThomson Reuters La Ley, _c2025. |
||
| 300 | _ap. 3-23 | ||
| 500 | _aCita Online: AR/DOC/229/2025. | ||
| 505 | _aSumario: I. Introducción.— II. Femicidio.— III. Homicidio agravado por mediar una relación de pareja.— IV. Homicidio agravado por odio a la orientación sexual, identidad de género o su expresión.— V. Homicidio transversal.— VI. Circunstancias extraordinarias de atenuación.— VII. Problemas procesales en torno a los delitos de violencia de género. Testigo único versus principio de inocencia.— VIII. El instituto de la suspensión del juicio a prueba y los delitos de violencia de género. | ||
| 505 | _tFallo comentado: CNFed. Crim. y Correc., sala I ~ 23/09/2024 ~ Maduro Moros, Nicolás s/ queja de la querella - recurso de queja N.º 6. | ||
| 505 | _t¿Te interesa el texto completo? Solicitalo al correo: koha@justierradelfuego.gov.ar | ||
| 650 | 0 |
_9343 _aDERECHO PENAL |
|
| 650 | 0 |
_93054 _aFEMICIDIO |
|
| 650 | 0 |
_93053 _aVIOLENCIA DE GÉNERO |
|
| 650 | 0 |
_94044 _aPERSPECTIVA DE GÉNERO |
|
| 773 | 0 |
_02729 _93180 _dBuenos Aires : LexisNexis, 2006- _tRevista de derecho penal y procesal penal. Nº 4 - Abril 2025 _z9875920622 |
|
| 942 |
_2udc _cANA |
||